000 00234nam a2200097Ia 4500
001 1136599
005 20250827005210.0
008 250824s9999 xx 000 0 und d
245 0 _aDEVLET ANA
_cKEMALTAHİR
260 _bKETEBE YAYINLARI
999 _c1136599
_d1136599